000 00330nam a2200145Ia 4500
005 20251223000718.0
008 251222s9999||||xx |||||||||||||| ||spa||
020 _a761959742
082 _a362.107.204.1/H22
100 _aHart, Chris
245 0 _aDoing Literature Review
250 _a1ra.ed.
264 _bSage
942 _cLIB
999 _c41548
_d41548